000 00538nam a22001937a 4500
003 Ost
005 20250204105943.0
008 250204b |||||||| |||| 00| 0 eng d
020 _a9780444593955
040 _cBT-PhCST
050 _a25108-25112
082 _222
_a333.9116
_bAHU
100 _aAhuja, Satinder.
245 _aMonitoring water quality :
_bpollution assessment, analysis and remediation /
260 _aUSA ;
_bElsevier,
_cc2013
300 _axiv, 379 p. ;
_bill. ;
_c24 cm.
500 _aIncludes Index.
942 _2ddc
_cWRE
999 _c9869
_d9869